| 000 | 00496nam a2200169Ia 4500 | ||
|---|---|---|---|
| 999 |
_c21042 _d21042 |
||
| 003 | OSt | ||
| 005 | 20200609103309.0 | ||
| 008 | 190216s9999||||xx |||||||||||||| ||und|| | ||
| 020 | _a9788130902265 | ||
| 040 | _coclc | ||
| 082 |
_a323.154 _bRAJ/S |
||
| 100 |
_aRajagopalan, Swarna _92657 |
||
| 245 | 0 |
_aState And Nation In South Asia / _cSwarna Rajagopalan |
|
| 260 |
_bViva Book, _aNew Delhi: _c2006. |
||
| 300 | _a231p | ||
| 942 |
_cBK _2ddc _h323.154 _iRAJ/S _k323.154 _mRAJ/S |
||